|
|
|
|
| LEADER |
01403nam a2200277 a 4500 |
| 001 |
521557 |
| 008 |
110523s1985 enk b 000 0 eng d |
| 010 |
|
|
|a 86133498
|
| 020 |
|
|
|a 9780140432169
|
| 020 |
|
|
|a 0140432167 (pbk.)
|
| 040 |
|
|
|a DLC
|c DLC
|d DLC
|d BD-DhAAL
|
| 082 |
0 |
0 |
|a 824/.3
|2 19
|
| 100 |
1 |
|
|a Bacon, Francis,
|d 1561-1626.
|
| 245 |
1 |
4 |
|a The essays /
|c Francis Bacon ; edited with an introduction by John Pitcher.
|
| 260 |
|
|
|a Harmondsworth, Middlesex, England ;
|a New York, N.Y., U.S.A. :
|b Penguin Books,
|c 1985.
|
| 300 |
|
|
|a 287 p. ;
|c 20 cm.
|
| 490 |
|
0 |
|a Penguin classics
|
| 504 |
|
|
|a Includes bibliographical references.
|
| 541 |
|
|
|e 00022662
|
| 650 |
|
0 |
|a English essays
|y Early modern, 1500-1700.
|
| 700 |
1 |
|
|a Pitcher, John.
|
| 852 |
4 |
|
|a Ayesha Abed Library
|j General shelf
|
| 999 |
|
|
|c 10891
|d 10891
|
| 952 |
|
|
|0 0
|1 0
|2 ddc
|4 0
|6 824_300000000000000_BAC
|7 0
|9 16650
|a BRACUL
|b BRACUL
|c GEN
|d 2011-05-22
|e Karim International
|g 450.00
|l 6
|m 41
|o 824.3 BAC
|p 3010022662
|r 2026-03-29
|s 2026-02-06
|t 1
|w 2011-05-24
|y BK
|
| 952 |
|
|
|0 0
|1 0
|2 ddc
|4 0
|6 824_300000000000000_BAC
|7 0
|9 16651
|a BRACUL
|b BRACUL
|c GEN
|d 2011-05-22
|e Karim International
|g 450.00
|l 4
|m 7
|o 824.3 BAC
|p 3010022663
|r 2024-12-05
|s 2024-11-06
|t 2
|w 2011-05-24
|y BK
|
| 952 |
|
|
|0 0
|1 0
|2 ddc
|4 0
|6 824_300000000000000_BAC
|7 0
|9 16652
|a BRACUL
|b BRACUL
|c GEN
|d 2011-05-22
|e Karim International
|g 450.00
|l 6
|m 25
|o 824.3 BAC
|p 3010022664
|r 2025-06-18
|s 2025-05-26
|t 3
|w 2011-05-24
|y BK
|